=LDR 00000nam 2200000 4500 =001 INLIS000000000027666 =005 20130612130025 =008 ***********************************Ind** =035 ##$$0010-061300000027666 =041 ##$$a Ind =082 ##$$a 683.88 =090 ##$$a 683.88, Gun m =100 ##$$a Gunowo, Danu =245 ##$$a Merawat dan memperbaiki mesin cuci, Dani Gunowo =260 ##$$a 2004 $b Jakarta =300 ##$$a v, 46 hlm, ilus, 20 cm =650 ##$$a Mesin cuci =850 ##$$a NBPNMAT